| 000 | 00528nam a22001817a 4500 | ||
|---|---|---|---|
| 003 | CEME | ||
| 005 | 20210628202643.0 | ||
| 008 | 210119b xxu||||| |||| 00| 0 eng d | ||
| 040 | _cceme | ||
| 082 | _a297.03 ENC | ||
| 100 |
_aBearman, P.J Bianquis, Th _960931 |
||
| 245 | _aThe encyclopedia of islam, prepared by a number of leading orientalists | ||
| 250 | _aNEW EDITION | ||
| 260 |
_aNETHERLANDS _bE.J.BRILL _c2000 |
||
| 300 | _a6-11VOLS | ||
| 650 |
_aISLAM-ENCYCLOPEDIA. ENCYCLOPEDIA OF ISLAM _960932 |
||
| 942 |
_cBK _2ddc |
||
| 999 |
_c570529 _d570529 |
||